000 01192nam a22002897a 4500
001 5072
003 FISKH
005 20241104165412.0
008 241104b cb ||||| |||| 00| 0 eng d
020 _a978140710617
040 _aFISKH
_beng
_cFISKH
_dFISKH
050 _aQ180.2
082 _a579
100 _aArnold, Nick
245 _aMicroscopic Monsters /
_cby Nick Arnold : illustrated by Tony De Saulles
260 _aNew York :
_bScholastic ;
_c2001 .
300 _a158 pages :
_billustrations ;
_c21 cm .
490 _aHorrible Science
505 _aZ
520 _aChildren will laugh and learn as they explore the weird side of science with the Horrible Science Series. How do vampire bats suck blood? What makes stink bombs stink? These are just a few of the questions that are answered in this wacky science fact series. Cartoon-style illustrations depict the more grotesque aspects of science that fascinate children. Text copyright 2004 Lectorum Publications, Inc.
521 8 _a900
_bLexile
521 8 _aZ
_bRaz-Plus
650 _abacteria
_vHorrible Science
700 _aSaulles, Tony De
_eillustrator
942 _2ddc
_cBK
_n0
999 _c5072
_d5072